000 00591nam a22002051 4500
001 bimo0001744313
003 OSt
005 20140711213003.0
008 011112s1958 slv spa
040 _aSpMaBN
_bspa
_cBMC
082 _a972.84
100 1 _99243
_aGavidia, Francisco
_d1864-1955
245 1 0 _aHistoria moderna de El Salvador
_cFrancisco Gavidia
250 _a2ยช ed
260 0 _aSan Salvador
_bMinisterio de Cultura, Departamento Editorial
_c1958
300 _a494 p.
_c21 cm
490 _aObras completas
_v1
651 4 _93692
_aEl Salvador
_xHistoria
942 _2ddc
_cBK
999 _c4058
_d4058